00651 2200241 4500001002100000005001700021008004100038020001800079035002400097090001500121100001600136245005200152250001500204260004100219300002000260500003300280650003200313850001500345980001300360985000600373999001500379999001500394YOGYA-0209000004832420090227031931.0 ind  a979-9208-10-6 0010-020900000048324 a428bHab E aHABEYB, S.F aEveryday english conversationcoleh S.F. Habeyb aEdisi baru aJakartabBhuana Ilmu Populerc(1999) a...jilidc21 cm aYang diterima : jil. 1 dan 2 aBahasa Inggris - Percakapan aYOPDYOG(M) a06-11-07 a2 a00P0001775 a00P0001791